Soberanía parlamentaria ¿ficción o realidad?: Los partidos políticos en le parlamento costarricense /

Guardat en:
Dades bibliogràfiques
Autor principal: White Gómez, Elaine
Format: Text
Etiquetes: Afegir etiqueta
Sense etiquetes, Sigues el primer a etiquetar aquest registre!

MARC

LEADER 00000 a a2200000 04500
001 3766
003
040
100 |a White Gómez, Elaine  
245 |a Soberanía parlamentaria ¿ficción o realidad?:   |b Los partidos políticos en le parlamento costarricense /  |c Elaine White Gómez 
773 |g número 4; páginas 77-93  
999 |c 32443  |d 32443